000 00696cam a2200229 a 4500
001 000005296
005 20200929151633.0
008 970731s2001 sp 001 1 spa
020 _a8466303154
040 _aDO-SdBNP
_bspa
_cBNPHU
082 _a863.64
_bC314c
100 1 _aCarrero Pérez, Luis Ma.,
_q(Luis María),
_d1967-
_915069
245 1 3 _aLa cámara de las maravillas /
_cLuis Ma. Carrero.
260 _a[Madrid] :
_bSuma de Letras,
_c2001.
300 _a425 p. ;
_c18 cm.
490 1 _aPunto de Lectura
_v174
650 4 _aNovela española
_91123
650 4 _aLiteratura española
_9632
830 0 _aPunto de Lectura ;
_v174
_93047
910 _aCatalogación derivada
910 _aWM
999 _c5097
_d5097